000 01417nam a22002537a 4500
001 9634
003 FISKH
005 20260127093434.0
008 260127b cb ||||| |||| 00| 0 eng d
020 _a9781786542281
040 _aFISKH
_beng
_cFISKH
_dFISKH
050 _aPZ7 .B26225 .B
082 _a813.6
100 _aBarnes, Jennifer Lynn
245 _aBad blood :
_bThe hunters become the hunted /
_cJennifer Lynn Barnes
250 _aThis editon published in 2024
260 _aNew York :
_bQuercus,
_c2010
300 _a509 pages :
_c20 cm
490 _aThe Naturals : Book 4
520 _aWhen Cassie Hobbes joined the FBI's Naturals program, she had one goal: uncover the truth about her mother's murder. But now, everything Cassie thought she knew about what happened that night has been called into question. Her mother is alive, and the people holding her captive are more powerful and dangerous than anything the Naturals have faced so far. As Cassie and the team work to uncover the secrets of a group that has been killing in secret for generations, they find themselves racing a ticking clock. New victims. New betrayals. New secrets. When the bodies begin piling up, it soon becomes apparent that this time, the Naturals aren't just hunting serial killers. They're being hunted.
650 _aMurder
_vSerial killer
_xMystery
_yYoung Adult
_zFBI
942 _2ddc
_cBK
_n0
999 _c9634
_d9634